000 00416nam a22001817a 4500
003 MPLRDC
005 20220104143822.0
008 210129b ||||| |||| 00| 0 eng d
020 _a7-5033-1314-5
082 _a590.1 ZZZ
100 _a张召忠
245 _a网络战争
_c
250 _a第一版
260 _a
_b解放军文艺
_c2001
300 _b
650 _a军事理论
942 _cBK
_o590.1 ZZZ
999 _c43649
_d43639